| 000 | 00781nam a22002178a 4500 | ||
|---|---|---|---|
| 003 | CO-ViMGA | ||
| 005 | 20230915225029.0 | ||
| 008 | 070328s2007 ck a jr 0001j spa d | ||
| 020 | _a9789583025648 | ||
| 040 |
_aCO-ViMGA _bspa _cCO-ViMGA |
||
| 082 | 0 | 4 |
_aI649.1 _bS15c _221 ed. |
| 100 | 1 |
_aSalom Safi, Andreé. _91284 |
|
| 245 | 1 | 0 |
_aConozcamos a bebé / _cAndreé Salom Safi ; ilustraciones Ivette Salom Safi. |
| 260 | 3 |
_aBogotá : _bPanamericana Editorial, _c2007. |
|
| 300 |
_a39 p. : _bil. ; _c21 cm. |
||
| 650 | 1 | 4 |
_aDesarrollo infantil _x Literatura infantil. _91287 |
| 650 | 1 | 4 |
_aNiños recién nacidos _x Literatura infantil. _91286 |
| 650 | 1 | 4 |
_aNiños _x Cuidado e higiene _x Literatura infantil. _91285 |
| 700 | 1 | 2 |
_aSalom Safi, Ivette, _eil. _91288 |
| 942 |
_2ddc _cBK |
||
| 999 |
_c12243 _d12243 |
||